000 00754nam a2200253 a 4500
001 80433
003 BD-RjUL
005 20220926121323.0
008 220926s1966 enka b 000 0 eng
035 _a(BD-RjUL)80433
040 _aBD-RjUL
_beng
_cBD-RjUL
041 _aeng
082 _223
_a501
_bSCI 1966
100 1 _aGoldsmith, Maurice.
_95000
245 1 4 _aThe science of science /
_cedited by Maurice Goldsmith [and] Alan Mackay.
250 _aRevised ed.
260 _aHarmondsworth :
_bPenguin Books,
_c1966.
300 _a317 p :
_bill. ;
_c19 cm.
490 0 _aPelican books ;
_vA823
504 _aIncludes bibliographical references.
650 0 _aScience.
700 1 _aMackay, Alan L.
_q(Alan Lindsay),
_d1926-
_95001
942 _2ddc
_cBK
999 _c80433
_d80433